1258 1531 1109 1905 1354 1138 1299 1419 1291 1117 1674 1867 1465 1938 1775 1938 1658 1242 1146 1246 1069 1405 1034 1521 1851 1109 1812 1880 1081 1958 1137 1890 1364 1563 1279 1010 1192 1717 1241 1552 1876 1616 1638 1965 1312 1575 1818 1244 1597 1692 1615 1224 1119 1033 1178 1452 1247 1742 1564 1604 1629 1325 1643 1628 1376 1115 1022 1799 1280 1501 1418 1513 1021 1550 1962 1461 1332 1036 1355 1215 1984 1724 1670 1146 1355 1409 1601 1437 1177 1207 1140 1730 1453 1447 1431 1541 1993 1420 1787 BCNSPRNW ULIB Ver.6.0+V

เปลี่ยนเป็นภาษาไทย

Change to English
 แสดงรายละเอียดบรรณานุกรม
  กลับหน้าหลัก

Brief Record : Get Marc (ISO 2709) : E-mail record : QR code < ปิดหน้าต่าง
LEADER : 00000nam 2200000uu 4500
001    13399112317
003     ULIB
008    110627s2554||||th 000 0 tha d
020    9786160602858
090    นว.^bT111H 2554
100 0  Tiara
245 00 How to love...ผูกใจรัก/^cTiara
250    พิมพ์ครั้งที่ 2
260    กรุงเทพฯ :^bแจ่มใส,^c2554
300    251 หน้า
710 1  แจ่มใส
945    ^p169^l0^i030405
995    ทศพร
999 ^a ใช้งานได้ทุกระบบ
รายการนี้ยังไม่มีแท็ก
คุณยังไม่ได้ล็อกอิน คุณสามารถมีกิจกรรมร่วมกับเว็บไซต์ได้ แต่ต้องล็อกอินก่อน ::
  ล็อกอิน

รายการสื่อสารสนเทศ

ลำดับที่ ประเภท เลขเรียก/บาร์โค้ด สถานที่ สถานะ
- ไม่พบข้อมูล -

รายการใกล้เคียง
    ผู้แต่ง [Tiara]

BibComment


ยังไม่เคยถูกคอมเมนท์

คอมเมนท์ทรัพยากรรายการนี้
  คอมเมนท์: How to loveผูกใจร..


 Copyright 2026. Bcnsprnw @Library